[Event "I Juegos Mundiales Sevilla 2006"]
[Site "Sevilla ESP"]
[Date "2006.07.01"]
[Round "2.2"]
[White "Damljanovic, Branko"]
[Black "Ramos Rodriguez, Francisco"]
[Result "1-0"]
[WhiteElo "2615"]
[BlackElo "1835"]
[PlyCount "37"]
[EventDate "2006.07.01"]
[EventType "swiss (rapid)"]
[EventRounds "9"]
[EventCountry "ESP"]
[Source "lmi"]
[SourceDate "2006.07.03"]

1. d4 Nf6 2. Nf3 e6 3. c4 b6 4. g3 Bb7 5. Bg2 Be7 6. O-O O-O 7. Re1 d5 8. cxd5
exd5 9. Nc3 Nc6 10. Bf4 Qd7 11. Rc1 Rfe8 12. Ne5 Qd8 13. Nb5 Nxe5 14. dxe5 Ne4
15. Nxc7 Rf8 16. Nxa8 Bxa8 17. Bxe4 dxe4 18. Qxd8 Rxd8 19. Red1 1-0

[Event "I Juegos Mundiales Sevilla 2006"]
[Site "Sevilla ESP"]
[Date "2006.07.01"]
[Round "2.3"]
[White "Borondo Garcia, Raul"]
[Black "Illescas Cordoba, Miguel"]
[Result "0-1"]
[WhiteElo "2056"]
[BlackElo "2608"]
[PlyCount "100"]
[EventDate "2006.07.01"]
[EventType "swiss (rapid)"]
[EventRounds "9"]
[EventCountry "ESP"]
[Source "lmi"]
[SourceDate "2006.07.03"]

1. e4 c5 2. Nf3 e6 3. d4 cxd4 4. Nxd4 a6 5. Nc3 Qc7 6. Bd3 Nf6 7. O-O Nc6 8.
Nf3 Be7 9. Re1 d6 10. Bg5 h6 11. Be3 b5 12. a3 Bb7 13. h3 Nd7 14. Nd4 Nce5 15.
Bf1 O-O 16. f4 Nc4 17. Bc1 Bh4 18. Re2 Bf6 19. Kh1 Qb6 20. Nf3 Bxc3 21. bxc3
Nc5 22. Qe1 f5 23. exf5 Bxf3 24. gxf3 Rxf5 25. Rg2 Qc6 26. Bd3 Ra7 27. Qf2 Raf7
28. Bxf5 Rxf5 29. Be3 Nd7 30. Rag1 Rf7 31. Bd4 e5 32. fxe5 dxe5 33. Be3 Kh7 34.
Kh2 Nf8 35. Bc1 Qf6 36. Qg3 Nd6 37. Qg4 Nf5 38. Kh1 Nh4 39. Qe4+ g6 40. Rg3 Ne6
41. Qg4 Ng7 42. Rf1 Ngf5 43. Rgg1 Qc6 44. Kh2 Qxc3 45. Qe4 Rc7 46. Be3 Qxe3 47.
Qxe3 Nxe3 48. Re1 Nxf3+ 49. Kg3 Nxe1 50. Rxe1 Nf5+ 0-1

[Event "I Juegos Mundiales Sevilla 2006"]
[Site "Sevilla ESP"]
[Date "2006.07.01"]
[Round "2.4"]
[White "Valencia Gomez, Jairo Fdo"]
[Black "Spraggett, Kevin"]
[Result "0-1"]
[WhiteElo "2045"]
[BlackElo "2578"]
[PlyCount "51"]
[EventDate "2006.07.01"]
[EventType "swiss (rapid)"]
[EventRounds "9"]
[EventCountry "ESP"]
[Source "lmi"]
[SourceDate "2006.07.03"]

1. e4 c5 2. Nf3 e6 3. d4 cxd4 4. Nxd4 Nf6 5. Bd3 Nc6 6. Nxc6 bxc6 7. c4 e5 8.
O-O Bc5 9. Qc2 a5 10. Nc3 d6 11. b3 O-O 12. Kh1 Ng4 13. g3 Nf6 14. Re1 Qd7 15.
Bf1 Ng4 16. Nd1 f5 17. f3 Nf6 18. Bg2 fxe4 19. fxe4 Ng4 20. Rf1 Rxf1+ 21. Bxf1
Qf7 22. Qe2 Nxh2 23. Kxh2 Bg4 24. Qxg4 Qxf1 25. Ne3 Qf2+ 26. Kh3 0-1

[Event "I Juegos Mundiales Sevilla 2006"]
[Site "Sevilla ESP"]
[Date "2006.07.01"]
[Round "2.5"]
[White "Epishin, Vladimir"]
[Black "Torres Ventosa, Pedro Eugenio"]
[Result "1-0"]
[WhiteElo "2565"]
[BlackElo "2041"]
[PlyCount "40"]
[EventDate "2006.07.01"]
[EventType "swiss (rapid)"]
[EventRounds "9"]
[EventCountry "ESP"]
[Source "lmi"]
[SourceDate "2006.07.03"]

1. d4 Nf6 2. c4 g6 3. Nc3 d5 4. Nf3 Bg7 5. Qb3 c6 6. cxd5 Nxd5 7. e4 Nxc3 8.
bxc3 O-O 9. Bc4 e6 10. O-O Nd7 11. Bg5 Qb6 12. Qc2 c5 13. Rad1 cxd4 14. cxd4
Nf6 15. Rfe1 Bd7 16. Qd2 Rac8 17. Bb3 a5 18. Ne5 Bb5 19. Rb1 Rfd8 20. Qf4 Qxd4
1-0

[Event "I Juegos Mundiales Sevilla 2006"]
[Site "Sevilla ESP"]
[Date "2006.07.01"]
[Round "3.1"]
[White "Garrido Dominguez, Jesus"]
[Black "Korneev, Oleg"]
[Result "1/2-1/2"]
[WhiteElo "2320"]
[BlackElo "2671"]
[PlyCount "155"]
[EventDate "2006.07.01"]
[EventType "swiss (rapid)"]
[EventRounds "9"]
[EventCountry "ESP"]
[Source "lmi"]
[SourceDate "2006.07.03"]

1. e4 e5 2. Nf3 Nc6 3. Bb5 a6 4. Ba4 Nf6 5. O-O Nxe4 6. d4 b5 7. Bb3 d5 8. dxe5
Be6 9. c3 Bc5 10. Nbd2 O-O 11. Bc2 Bf5 12. Nb3 Bg6 13. Nfd4 Bxd4 14. cxd4 a5
15. Be3 a4 16. Nd2 a3 17. Nxe4 axb2 18. Rb1 Bxe4 19. Rxb2 Qd7 20. Bd3 Bxd3 21.
Qxd3 Rfb8 22. Rxb5 Rxb5 23. Qxb5 Nxe5 24. Qxd7 Nxd7 25. Rc1 Rxa2 26. Rxc7 Ra1+
27. Bc1 f6 28. g3 Nb6 29. Kg2 Nc4 30. Be3 g5 31. Rc5 Ra5 32. Rxa5 Nxa5 33. h4
g4 34. f3 f5 35. fxg4 fxg4 36. Kf2 Kf7 37. Ke2 Ke6 38. Kd3 Kf5 39. Bd2 Nc4 40.
Bf4 Ke6 41. Bb8 Na5 42. Bf4 Nc6 43. Bd2 Ne7 44. Bf4 Nf5 45. Be5 Kd7 46. Kc3 Kc6
47. Bf4 Kb5 48. Be5 Ka4 49. Bf4 Ka3 50. Be5 h5 51. Bb8 Ka4 52. Be5 Ne7 53. Bf4
Kb5 54. Bd6 Nf5 55. Be5 Ne3 56. Bf4 Nc4 57. Bc1 Nd6 58. Bf4 Ne4+ 59. Kd3 Kb4
60. Bc7 Kb3 61. Bb8 Kb2 62. Ke3 Kc3 63. Bc7 Kc4 64. Be5 Nc3 65. Bf6 Nb5 66. Be5
Na7 67. Kf4 Nc6 68. Kg5 Nxd4 69. Kxh5 Nf3 70. Ba1 d4 71. Bxd4 Nxd4 72. Kxg4 Kd5
73. Kg5 Ke6 74. Kg6 Ke7 75. g4 Nf3 76. h5 Ne5+ 77. Kf5 Nxg4 78. Kxg4 1/2-1/2

[Event "I Juegos Mundiales Sevilla 2006"]
[Site "Sevilla ESP"]
[Date "2006.07.01"]
[Round "3.2"]
[White "Gutierrez Jimenez, Juan M"]
[Black "Damljanovic, Branko"]
[Result "0-1"]
[WhiteElo "2281"]
[BlackElo "2615"]
[PlyCount "74"]
[EventDate "2006.07.01"]
[EventType "swiss (rapid)"]
[EventRounds "9"]
[EventCountry "ESP"]
[Source "lmi"]
[SourceDate "2006.07.03"]

1. e4 c5 2. Nf3 d6 3. d3 Nc6 4. g3 g6 5. Bg2 Bg7 6. O-O e5 7. Nc3 Nge7 8. Nd5
Nxd5 9. exd5 Ne7 10. c4 O-O 11. Rb1 a5 12. Bd2 h6 13. b3 f5 14. Re1 g5 15. Bc3
Ng6 16. Nd2 g4 17. a3 h5 18. b4 axb4 19. axb4 b6 20. bxc5 bxc5 21. Ra1 Bd7 22.
Rxa8 Qxa8 23. Qa1 Bh6 24. Nb3 h4 25. Rb1 Qxa1 26. Nxa1 Ra8 27. Bf1 hxg3 28.
hxg3 Nh8 29. Rb6 Nf7 30. Kg2 Kf8 31. Be2 Ke7 32. f3 Ra2 33. Kf1 f4 34. gxf4 g3
35. Bb2 Bh3+ 36. Kg1 Bxf4 37. Bf1 g2 0-1

[Event "I Juegos Mundiales Sevilla 2006"]
[Site "Sevilla ESP"]
[Date "2006.07.01"]
[Round "3.3"]
[White "Illescas Cordoba, Miguel"]
[Black "Diaz Castro, Sergio"]
[Result "1-0"]
[WhiteElo "2608"]
[BlackElo "2241"]
[PlyCount "67"]
[EventDate "2006.07.01"]
[EventType "swiss (rapid)"]
[EventRounds "9"]
[EventCountry "ESP"]
[Source "lmi"]
[SourceDate "2006.07.03"]

1. d4 g6 2. c4 Bg7 3. e4 d6 4. Nc3 Nf6 5. Be2 O-O 6. Nf3 e5 7. d5 a5 8. Bg5 Na6
9. Nd2 Bd7 10. a3 Qe8 11. b3 h6 12. Be3 Nh7 13. Rb1 f5 14. f3 Nf6 15. b4 axb4
16. axb4 Nh5 17. O-O Nf4 18. Re1 Qe7 19. Bf1 h5 20. exf5 Bxf5 21. Nde4 Bh6 22.
Kh1 g5 23. Rb2 Rf7 24. c5 Kh8 25. c6 bxc6 26. Ra2 cxd5 27. Nxd5 Nxd5 28. Qxd5
c6 29. Qxc6 Rc8 30. Qxa6 Be6 31. Nxd6 Bxa2 32. Nxf7+ Bxf7 33. Qxh6+ Kg8 34.
Qxg5+ 1-0

[Event "I Juegos Mundiales Sevilla 2006"]
[Site "Sevilla ESP"]
[Date "2006.07.01"]
[Round "3.4"]
[White "Spraggett, Kevin"]
[Black "Ortega Valle, Jose R"]
[Result "1-0"]
[WhiteElo "2578"]
[BlackElo "2213"]
[PlyCount "38"]
[EventDate "2006.07.01"]
[EventType "swiss (rapid)"]
[EventRounds "9"]
[EventCountry "ESP"]
[Source "lmi"]
[SourceDate "2006.07.03"]

1. e4 c5 2. Nf3 d6 3. d4 cxd4 4. Nxd4 Nf6 5. Nc3 a6 6. Bg5 e6 7. f4 Be7 8. Qf3
Qc7 9. O-O-O b5 10. e5 Bb7 11. Qg3 dxe5 12. fxe5 Nh5 13. Qh4 Bxg5+ 14. Qxg5 g6
15. Bxb5+ axb5 16. Ndxb5 Qb6 17. Nd6+ Kf8 18. Rhf1 f5 19. exf6 Nd7 1-0

[Event "I Juegos Mundiales Sevilla 2006"]
[Site "Sevilla ESP"]
[Date "2006.07.01"]
[Round "3.5"]
[White "Rodriguez Aguilera, Antonio"]
[Black "Epishin, Vladimir"]
[Result "0-1"]
[WhiteElo "2227"]
[BlackElo "2565"]
[PlyCount "94"]
[EventDate "2006.07.01"]
[EventType "swiss (rapid)"]
[EventRounds "9"]
[EventCountry "ESP"]
[Source "lmi"]
[SourceDate "2006.07.03"]

1. Nf3 g6 2. c4 Bg7 3. Nc3 e5 4. g3 Nc6 5. Bg2 f5 6. d3 Nf6 7. O-O O-O 8. Rb1
d6 9. b4 Qe8 10. b5 Nd8 11. a4 h6 12. a5 a6 13. Bd2 g5 14. bxa6 Rxa6 15. Nb5
Rf7 16. Ne1 f4 17. Nc2 c5 18. e3 Bg4 19. f3 Bf5 20. Qe2 Bf8 21. Rfe1 fxg3 22.
hxg3 Rg7 23. e4 Bc8 24. Ne3 h5 25. Nd5 Nxd5 26. exd5 Qg6 27. Nc3 Nf7 28. Ne4
Be7 29. Kf2 g4 30. Rh1 Nh6 31. f4 Rf7 32. Kg1 exf4 33. Bxf4 Rxf4 34. gxf4 Nf5
35. Ng5 Bf6 36. Be4 Ng3 37. Qd2 Bf5 38. Rxb7 Ra8 39. Bxf5 Qxf5 40. a6 Bxg5 41.
Qb2 Bf6 42. Rb8+ Rxb8 43. Qxb8+ Kg7 44. Qxd6 Qxd3 45. Qd7+ Kh6 46. Kh2 Qe2+ 47.
Kxg3 Qf3+ 0-1

[Event "I Juegos Mundiales Sevilla 2006"]
[Site "Sevilla ESP"]
[Date "2006.07.01"]
[Round "4.2"]
[White "Flores, Diego"]
[Black "Illescas Cordoba, Miguel"]
[Result "1/2-1/2"]
[WhiteElo "2494"]
[BlackElo "2608"]
[PlyCount "76"]
[EventDate "2006.07.01"]
[EventType "swiss (rapid)"]
[EventRounds "9"]
[EventCountry "ESP"]
[Source "lmi"]
[SourceDate "2006.07.03"]

1. c4 e5 2. Nc3 Nf6 3. Nf3 Nc6 4. e3 Be7 5. d4 exd4 6. Nxd4 O-O 7. Be2 Ne5 8.
O-O d5 9. cxd5 Nxd5 10. Nxd5 Qxd5 11. Nf5 Nf3+ 12. Bxf3 Qxf5 13. Qb3 Rd8 14.
Bxb7 Bxb7 15. Qxb7 Qc2 16. Qb3 Qe2 17. e4 Rab8 18. Qf3 Qxf3 19. gxf3 Rd3 20.
Kg2 h5 21. Rb1 Ra3 22. bxa3 Rxb1 23. Bf4 Rxf1 24. Kxf1 c6 25. a4 a6 26. Ke2 f6
27. Kd3 Kf7 28. Kc4 Ke6 29. Be3 Bd6 30. h3 g6 31. Bc5 Bc7 32. Be3 Bd6 33. f4 f5
34. e5 Be7 35. Bd2 Kd7 36. f3 Ba3 37. Be3 Be7 38. Bc5 Bh4 1/2-1/2

[Event "I Juegos Mundiales Sevilla 2006"]
[Site "Sevilla ESP"]
[Date "2006.07.01"]
[Round "4.3"]
[White "Komljenovic, Davor"]
[Black "Spraggett, Kevin"]
[Result "0-1"]
[WhiteElo "2468"]
[BlackElo "2578"]
[PlyCount "34"]
[EventDate "2006.07.01"]
[EventType "swiss (rapid)"]
[EventRounds "9"]
[EventCountry "ESP"]
[Source "lmi"]
[SourceDate "2006.07.03"]

1. d4 Nf6 2. c4 e6 3. Nf3 b6 4. Nc3 Bb7 5. a3 d5 6. cxd5 exd5 7. g3 Be7 8. Bg2
O-O 9. b4 Nbd7 10. Qb3 c6 11. O-O Re8 12. Rd1 Bd6 13. Bb2 Qe7 14. b5 c5 15.
dxc5 Nxc5 16. Qa2 Rad8 17. Nd4 Nce4 0-1

[Event "I Juegos Mundiales Sevilla 2006"]
[Site "Sevilla ESP"]
[Date "2006.07.01"]
[Round "4.4"]
[White "Epishin, Vladimir"]
[Black "Lalic, Bogdan"]
[Result "1/2-1/2"]
[WhiteElo "2565"]
[BlackElo "2480"]
[PlyCount "32"]
[EventDate "2006.07.01"]
[EventType "swiss (rapid)"]
[EventRounds "9"]
[EventCountry "ESP"]
[Source "lmi"]
[SourceDate "2006.07.03"]

1. d4 Nf6 2. c4 g6 3. Nc3 d5 4. Nf3 Bg7 5. cxd5 Nxd5 6. Bd2 O-O 7. Rc1 Nb6 8.
Bg5 h6 9. Bf4 Na6 10. e3 c5 11. Be2 cxd4 12. exd4 Nb4 13. O-O Be6 14. a3 Nc6
15. Re1 Rc8 16. h3 Nd5 1/2-1/2

[Event "I Juegos Mundiales Sevilla 2006"]
[Site "Sevilla ESP"]
[Date "2006.07.01"]
[Round "4.5"]
[White "Kurajica, Bojan"]
[Black "Handke, Florian"]
[Result "1-0"]
[WhiteElo "2548"]
[BlackElo "2450"]
[PlyCount "77"]
[EventDate "2006.07.01"]
[EventType "swiss (rapid)"]
[EventRounds "9"]
[EventCountry "ESP"]
[Source "lmi"]
[SourceDate "2006.07.03"]

1. d4 d5 2. Nf3 c6 3. e3 Nf6 4. c4 a6 5. Nbd2 Bg4 6. Qb3 b5 7. cxd5 Qxd5 8. Ne5
Be6 9. Qxd5 cxd5 10. a4 bxa4 11. Rxa4 Nfd7 12. Nb3 Nxe5 13. dxe5 Bd7 14. Ra1 e6
15. f4 Ra7 16. Bd3 Rb7 17. Nd4 Bb4+ 18. Ke2 Rb6 19. Ra2 Ke7 20. Nc2 Rc8 21.
Nxb4 Rxb4 22. Bd2 Rb3 23. Rc1 Rxd3 24. Bb4+ Kd8 25. Rxc8+ Kxc8 26. Kxd3 Bb5+
27. Kd4 Nd7 28. Ra1 Kb7 29. Rc1 Nb6 30. b3 Nd7 31. Bd6 Bc6 32. g4 g6 33. f5 Kb6
34. fxe6 fxe6 35. Rf1 h5 36. g5 a5 37. Rf7 a4 38. bxa4 Bxa4 39. Rg7 1-0

[Event "I Juegos Mundiales Sevilla 2006"]
[Site "Sevilla ESP"]
[Date "2006.07.01"]
[Round "5"]
[White "Franco Ocampos, Zenon"]
[Black "Garcia Luque, Agustin"]
[Result "1-0"]
[WhiteElo "2530"]
[BlackElo "2357"]
[PlyCount "103"]
[EventDate "2006.07.01"]
[EventType "swiss (rapid)"]
[EventRounds "9"]
[EventCountry "ESP"]
[Source "lmi"]
[SourceDate "2006.07.03"]

1. c4 Nf6 2. Nc3 g6 3. e4 d6 4. d4 Bg7 5. Be2 O-O 6. Nf3 a5 7. O-O Na6 8. Bg5
Qe8 9. Nd2 e5 10. d5 Nd7 11. a3 Bf6 12. Bh6 Bg7 13. Be3 f5 14. f3 f4 15. Bf2 h5
16. b4 g5 17. Nb3 Qg6 18. c5 g4 19. fxg4 hxg4 20. Bxg4 Nf6 21. Bxc8 Raxc8 22.
b5 Nxc5 23. Nxc5 dxc5 24. Bxc5 Ng4 25. Qf3 Rf7 26. h3 Nf6 27. a4 Bf8 28. Bxf8
Rcxf8 29. Rad1 Ne8 30. Nb1 Rg7 31. Nd2 Nd6 32. Rc1 Qh7 33. Qd3 Rf6 34. b6 cxb6
35. Rf2 Rh6 36. Kf1 Rg3 37. Rf3 Rhxh3 38. gxh3 Qxh3+ 39. Ke2 Rg2+ 40. Kd1 Rg1+
41. Kc2 Qh2 42. Rxg1+ Qxg1 43. Qc3 Qg7 44. Rf1 b5 45. axb5 a4 46. Qc5 Qg6 47.
Kb2 Kf7 48. Qc7+ Ke8 49. Rh1 Nf7 50. Qc8+ Ke7 51. Qxb7+ Ke8 52. Qc6+ 1-0

[Event "I Juegos Mundiales Sevilla 2006"]
[Site "Sevilla ESP"]
[Date "2006.07.01"]
[Round "5.1"]
[White "Matamoros Franco, Carlos S"]
[Black "Damljanovic, Branko"]
[Result "0-1"]
[WhiteElo "2509"]
[BlackElo "2615"]
[PlyCount "66"]
[EventDate "2006.07.01"]
[EventType "swiss (rapid)"]
[EventRounds "9"]
[EventCountry "ESP"]
[Source "lmi"]
[SourceDate "2006.07.03"]

1. c4 c5 2. g3 e6 3. Nf3 b6 4. Bg2 Bb7 5. O-O Nf6 6. Nc3 Be7 7. d4 cxd4 8. Qxd4
O-O 9. Bf4 Nc6 10. Qd2 Na5 11. b3 Bb4 12. Qb2 Qe7 13. a3 Bxc3 14. Qxc3 d5 15.
Nd2 Rac8 16. Qb4 Rfe8 17. Qxe7 Rxe7 18. Rfc1 d4 19. Bxb7 Nxb7 20. Be5 Rd7 21.
Nf3 d3 22. e3 Ne4 23. Rab1 f6 24. Ba1 e5 25. Rd1 a5 26. Ne1 d2 27. Nc2 a4 28.
Nb4 Na5 29. Nd5 Rc6 30. f3 Ng5 31. Kf2 Nxb3 32. Bc3 Rxd5 33. cxd5 Rxc3 0-1

[Event "I Juegos Mundiales Sevilla 2006"]
[Site "Sevilla ESP"]
[Date "2006.07.01"]
[Round "5.3"]
[White "Teran Alvarez, Ismael"]
[Black "Kurajica, Bojan"]
[Result "0-1"]
[WhiteElo "2429"]
[BlackElo "2548"]
[PlyCount "60"]
[EventDate "2006.07.01"]
[EventType "swiss (rapid)"]
[EventRounds "9"]
[EventCountry "ESP"]
[Source "lmi"]
[SourceDate "2006.07.03"]

1. e4 c5 2. Nf3 a6 3. c3 d5 4. exd5 Qxd5 5. d4 Nf6 6. Be2 g6 7. O-O Bg7 8. Ne5
O-O 9. Bf3 Qd8 10. Qe2 cxd4 11. Rd1 Nfd7 12. cxd4 Nxe5 13. dxe5 Qc7 14. Bf4 Nc6
15. Nc3 Be6 16. Nd5 Bxd5 17. Rxd5 Rad8 18. Rc1 Rxd5 19. Bxd5 Nd4 20. Qe4 Qb6
21. Be3 e6 22. Bb3 Rd8 23. Kh1 Bf8 24. h4 Bc5 25. Bg5 Rd7 26. Ba4 Rd5 27. h5
Qxb2 28. Be3 Qa3 29. Be8 Nf5 30. Bxc5 Qxc1+ 0-1

[Event "I Juegos Mundiales Sevilla 2006"]
[Site "Sevilla ESP"]
[Date "2006.07.01"]
[Round "5.5"]
[White "Paunovic, Dragan"]
[Black "Korneev, Oleg"]
[Result "1/2-1/2"]
[WhiteElo "2495"]
[BlackElo "2671"]
[PlyCount "87"]
[EventDate "2006.07.01"]
[EventType "swiss (rapid)"]
[EventRounds "9"]
[EventCountry "ESP"]
[Source "lmi"]
[SourceDate "2006.07.03"]

1. d4 d5 2. Nf3 Nf6 3. c4 e6 4. Nc3 c6 5. g3 dxc4 6. Bg2 b5 7. O-O Bb7 8. Ne5
Nd5 9. e4 Nxc3 10. bxc3 Nd7 11. f4 Be7 12. Be3 O-O 13. Qc2 f6 14. Nf3 c5 15.
Bh3 f5 16. exf5 exf5 17. Bxf5 Nf6 18. dxc5 Bxf3 19. Rxf3 Qd5 20. Rf2 Bxc5 21.
Rd1 Qxd1+ 22. Qxd1 Bxe3 23. Qb1 Rad8 24. Kg2 Bxf2 25. Kxf2 a6 26. a4 bxa4 27.
Qa2 g6 28. Be6+ Kg7 29. Qxa4 Rd2+ 30. Ke3 Rd3+ 31. Ke2 Re8 32. Qxa6 Re7 33. Kf1
Rd1+ 34. Kg2 Rd2+ 35. Kf3 Rd3+ 36. Kg2 h5 37. f5 g5 38. Qxc4 Rd2+ 39. Kf3 Rxh2
40. Qc5 Rb7 41. Qc8 Ra7 42. Qb8 Re7 43. Qd8 Ra7 44. Qb8 1/2-1/2

[Event "I Juegos Mundiales Sevilla 2006"]
[Site "Sevilla ESP"]
[Date "2006.07.02"]
[Round "6.1"]
[White "Damljanovic, Branko"]
[Black "Franco Ocampos, Zenon"]
[Result "0-1"]
[WhiteElo "2615"]
[BlackElo "2530"]
[PlyCount "56"]
[EventDate "2006.07.01"]
[EventType "swiss (rapid)"]
[EventRounds "9"]
[EventCountry "ESP"]
[Source "lmi"]
[SourceDate "2006.07.03"]

1. d4 d5 2. Nf3 Nf6 3. c4 c6 4. Nc3 dxc4 5. a4 Bf5 6. Nh4 Bc8 7. e4 e5 8. Bxc4
exd4 9. e5 Ng4 10. Nf3 Be7 11. h3 dxc3 12. Qxd8+ Bxd8 13. hxg4 cxb2 14. Bxb2
Bxg4 15. e6 fxe6 16. Ne5 Bf5 17. f3 Nd7 18. Nxd7 Kxd7 19. g4 Bg6 20. O-O-O+ Ke8
21. Bxg7 Bg5+ 22. Kb2 Rg8 23. Be5 Rf8 24. Rhf1 Bf4 25. Rde1 Bxe5+ 26. Rxe5 Rf4
27. Bxe6 Kf8 28. Bb3 Re8 0-1

[Event "I Juegos Mundiales Sevilla 2006"]
[Site "Sevilla ESP"]
[Date "2006.07.02"]
[Round "6.2"]
[White "Kurajica, Bojan"]
[Black "Illescas Cordoba, Miguel"]
[Result "1/2-1/2"]
[WhiteElo "2548"]
[BlackElo "2608"]
[PlyCount "153"]
[EventDate "2006.07.01"]
[EventType "swiss (rapid)"]
[EventRounds "9"]
[EventCountry "ESP"]
[Source "lmi"]
[SourceDate "2006.07.03"]

1. d4 Nf6 2. Nf3 g6 3. g3 Bg7 4. Bg2 O-O 5. O-O d6 6. b3 a5 7. Bb2 a4 8. b4 d5
9. Ne5 c6 10. a3 Nfd7 11. Nd3 Nb6 12. Nd2 Na6 13. e3 Nc7 14. Rc1 Nb5 15. c4
dxc4 16. Nxc4 Nxc4 17. Rxc4 Be6 18. Rc1 Bd5 19. f3 b6 20. Qe2 Qd6 21. Rfd1 Bb3
22. Rd2 Rac8 23. Kh1 Rfd8 24. f4 f5 25. g4 e6 26. Ne5 Bd5 27. gxf5 exf5 28.
Rdc2 Bxe5 29. dxe5 Bxg2+ 30. Kxg2 Qd5+ 31. Qf3 Qb3 32. e6 Qxe6 33. Rxc6 Rxc6
34. Rxc6 Rd6 35. Rc2 Qd5 36. Kg3 Qxf3+ 37. Kxf3 Kf7 38. Be5 Re6 39. Bb2 Ke7 40.
Rc8 Kd7 41. Rh8 Kc6 42. Ke2 h5 43. Ra8 Kd5 44. Kd3 Nd6 45. Be5 Nb5 46. Rxa4 Re8
47. Ra6 Re6 48. a4 Na3 49. Ra8 Rc6 50. b5 Rc4 51. Rd8+ Ke6 52. Rd6+ Kf7 53.
Rf6+ Ke8 54. Rxb6 Rxa4 55. Bd4 Rb4 56. Rb8+ Kf7 57. b6 Rb3+ 58. Ke2 Nc4 59.
Rb7+ Ke6 60. Kf3 Nd2+ 61. Ke2 Nc4 62. Rb8 Kd5 63. Rd8+ Ke4 64. Re8+ Kd5 65. Rg8
Ke4 66. Re8+ Kd5 67. Kf3 Nxb6 68. Rg8 Nc4 69. Rxg6 Nd2+ 70. Kg3 Rb1 71. Kh4
Nf3+ 72. Kxh5 Rh1 73. Rg2 Rxh2+ 74. Rxh2 Nxh2 75. Kh4 Ke4 76. Kg3 Ng4 77. Ba7
1/2-1/2

[Event "I Juegos Mundiales Sevilla 2006"]
[Site "Sevilla ESP"]
[Date "2006.07.02"]
[Round "6.3"]
[White "Epishin, Vladimir"]
[Black "Spraggett, Kevin"]
[Result "0-1"]
[WhiteElo "2565"]
[BlackElo "2578"]
[PlyCount "103"]
[EventDate "2006.07.01"]
[EventType "swiss (rapid)"]
[EventRounds "9"]
[EventCountry "ESP"]
[Source "lmi"]
[SourceDate "2006.07.03"]

1. d4 f5 2. Nf3 Nf6 3. Bg5 e6 4. Nbd2 Be7 5. Bxf6 Bxf6 6. e4 O-O 7. Bd3 d5 8.
exd5 exd5 9. O-O Nc6 10. Nb3 Qd6 11. Re1 b6 12. c4 dxc4 13. Bxc4+ Kh8 14. d5
Ne5 15. Nxe5 Bxe5 16. Nd4 Bxh2+ 17. Kf1 Be5 18. Ne6 Bxe6 19. dxe6 Rae8 20. Qxd6
Bxd6 21. Rad1 Re7 22. Bb5 g6 23. Bd7 Kg7 24. Ke2 Rd8 25. Kd3 Bc5 26. f3 Bf2 27.
Re2 Bg3 28. Kc4 Kf6 29. b4 a6 30. a4 h5 31. Rd5 Rb8 32. Rc2 h4 33. Rd4 b5+ 34.
axb5 axb5+ 35. Kd5 Rb6 36. Rc6 Rb7 37. Ra6 Bf2 38. Rd1 Rb6 39. Rxb6 Bxb6 40.
Re1 Rh7 41. Bxb5 Bf2 42. Re2 Bg3 43. Bc4 Bd6 44. b5 Ke7 45. Rb2 h3 46. gxh3 Rh4
47. Bf1 Rb4 48. Rxb4 Bxb4 49. Bc4 Bd6 50. Bd3 Bg3 51. Bc4 Kf6 52. Kd4 0-1

[Event "I Juegos Mundiales Sevilla 2006"]
[Site "Sevilla ESP"]
[Date "2006.07.02"]
[Round "6.4"]
[White "Pogorelov, Ruslan"]
[Black "Peralta, Fernando"]
[Result "0-1"]
[WhiteElo "2385"]
[BlackElo "2524"]
[PlyCount "79"]
[EventDate "2006.07.01"]
[EventType "swiss (rapid)"]
[EventRounds "9"]
[EventCountry "ESP"]
[Source "lmi"]
[SourceDate "2006.07.03"]

1. Nf3 d5 2. d4 Nf6 3. c4 c6 4. Nc3 dxc4 5. a4 Bf5 6. Ne5 Nbd7 7. Nxc4 Qc7 8.
g3 e5 9. dxe5 Nxe5 10. Bf4 Nfd7 11. Bg2 f6 12. O-O Nc5 13. Ne3 Bg6 14. b4 Ne6
15. Qb3 Bf7 16. Qb1 Rd8 17. Rc1 Nxf4 18. gxf4 Ng6 19. b5 Qxf4 20. bxc6 Bd6 21.
Qe4+ Qxe4 22. Nxe4 bxc6 23. Nxd6+ Rxd6 24. Nf5 Rd8 25. Bxc6+ Kf8 26. Rd1 Rxd1+
27. Rxd1 Be6 28. Nd4 Ke7 29. Bb5 Bd7 30. Bxd7 Kxd7 31. Nf5+ Ke6 32. Nxg7+ Ke5
33. Nh5 Rb8 34. Rd7 a6 35. Ra7 Rb6 36. Kg2 Nh4+ 37. Kh3 Nf5 38. Ng3 Nd4 39.
Re7+ Ne6 40. f4+ 0-1

[Event "I Juegos Mundiales Sevilla 2006"]
[Site "Sevilla ESP"]
[Date "2006.07.02"]
[Round "6.5"]
[White "Korneev, Oleg"]
[Black "Teran Alvarez, Ismael"]
[Result "1-0"]
[WhiteElo "2671"]
[BlackElo "2429"]
[PlyCount "91"]
[EventDate "2006.07.01"]
[EventType "swiss (rapid)"]
[EventRounds "9"]
[EventCountry "ESP"]
[Source "lmi"]
[SourceDate "2006.07.03"]

1. e4 c5 2. Nf3 Nc6 3. d4 cxd4 4. Nxd4 e5 5. Nb5 d6 6. Be3 a6 7. N5c3 Nf6 8.
Bg5 Be7 9. Bxf6 Bxf6 10. Nd5 O-O 11. Bc4 Bg5 12. O-O Be6 13. Nbc3 Rc8 14. Bb3
Kh8 15. Qd3 f5 16. exf5 Bxf5 17. Ne4 Bh6 18. c3 Qh4 19. Rae1 Rcd8 20. Qe2 Nb8
21. f3 Nc6 22. Rd1 Rd7 23. Qf2 Qxf2+ 24. Rxf2 Ne7 25. Nxe7 Rxe7 26. Nxd6 Bg6
27. Re2 Bg5 28. Ne4 Bh4 29. g3 Bf6 30. Nxf6 gxf6 31. Kf2 Kg7 32. Red2 Bf5 33.
Rd8 Ree8 34. Rxe8 Rxe8 35. Rd6 h5 36. Bd5 Re7 37. Rd8 Rc7 38. Ke3 Bh3 39. a4
Bc8 40. a5 f5 41. c4 Kf6 42. b4 Bd7 43. Rf8+ Kg6 44. Rf7 h4 45. Be6 hxg3 46.
hxg3 1-0

[Event "I Juegos Mundiales Sevilla 2006"]
[Site "Sevilla ESP"]
[Date "2006.07.02"]
[Round "7.1"]
[White "Franco Ocampos, Zenon"]
[Black "Kurajica, Bojan"]
[Result "0-1"]
[WhiteElo "2530"]
[BlackElo "2548"]
[PlyCount "131"]
[EventDate "2006.07.01"]
[EventType "swiss (rapid)"]
[EventRounds "9"]
[EventCountry "ESP"]
[Source "lmi"]
[SourceDate "2006.07.03"]

1. d4 Nf6 2. Nf3 e6 3. e3 b6 4. Bd3 Bb7 5. O-O d5 6. b3 Nbd7 7. c4 Bd6 8. Nc3
O-O 9. Bb2 a6 10. Rc1 Ne4 11. Ne2 c5 12. cxd5 Bxd5 13. Ne5 cxd4 14. Nxd7 Qxd7
15. Bxe4 Bxe4 16. Qxd4 f5 17. Rfd1 Rad8 18. Qxb6 Qe7 19. Qxa6 Bb7 20. Qc4 Kh8
21. Ng3 Bd5 22. Qc3 Rd7 23. Rd3 f4 24. exf4 Bxf4 25. Rcd1 Rc7 26. Qe1 Qf7 27.
Bd4 Rc2 28. a4 Qg6 29. Rc3 Ra2 30. Bc5 Rb8 31. Ba7 Rf8 32. Bc5 Rb8 33. Be3 Bd6
34. Rdc1 h6 35. Qd1 Kh7 36. Bd4 Bf4 37. Be3 Be5 38. Bd4 Bf4 39. Ra1 Rd2 40. Qb1
Qxb1+ 41. Rxb1 Rxd4 42. a5 Rdb4 43. a6 Ra8 44. Ne2 Be5 45. Re3 Bf6 46. g3 Rxa6
47. Nf4 Bd4 48. Nxd5 exd5 49. Rd3 Ra2 50. Rf3 Be5 51. Rd1 d4 52. h4 Rc2 53. g4
Rc3 54. Rf5 Bc7 55. Rd5 Bb6 56. Re1 d3 57. g5 hxg5 58. hxg5 Rd4 59. Rxd4 Bxd4
60. Kg2 Rxb3 61. Rd1 Kg6 62. Kf3 d2+ 63. Ke4 Bc3 64. f4 Ba5 65. Ra1 Bc7 66. Kd4
0-1